[Event "Villarobledo Online Qualifyer"]
[Site "playchess.com #155672"]
[Date "2009.05.23"]
[Round "3"]
[White "DHCA"]
[Black "Hakem_II"]
[Result "1-0"]
[WhiteElo "1500"]
[BlackElo "1950"]
[PlyCount "129"]
[EventDate "2009.05.23"]
[EventType "swiss (blitz)"]

1. e4 {[%emt 0:00:02]} e5 {[%emt 0:00:02]} 2. Nf3 {[%emt 0:00:01]} Nc6 {[%emt
0:00:04]} 3. Bb5 {[%emt 0:00:01]} a6 {[%emt 0:00:01]} 4. Bxc6 {[%emt 0:00:01]}
dxc6 {[%emt 0:00:01]} 5. O-O {[%emt 0:00:01]} Qd6 {[%emt 0:00:02]} 6. d4 {
[%emt 0:00:02]} exd4 {[%emt 0:00:03]} 7. Qxd4 {[%emt 0:00:02]} Qxd4 {[%emt 0:
00:01]} 8. Nxd4 {[%emt 0:00:02]} Bd7 {[%emt 0:00:01]} 9. Nc3 {[%emt 0:00:01]}
O-O-O {[%emt 0:00:01]} 10. Be3 {[%emt 0:00:01]} Bc5 {[%emt 0:00:11]} 11. Rad1 {
[%emt 0:00:10]} Ne7 {[%emt 0:00:09]} 12. f3 {[%emt 0:00:04]} g6 {[%emt 0:00:32]
} 13. Bf2 {[%emt 0:00:02]} Rhe8 {[%emt 0:00:03]} 14. Nb3 {[%emt 0:00:03]} Bd6 {
[%emt 0:00:09]} 15. Na4 {[%emt 0:00:15]} f5 {[%emt 0:00:08]} 16. exf5 {[%emt 0:
00:11]} Nxf5 {[%emt 0:00:03]} 17. Nac5 {[%emt 0:00:03]} Re2 {[%emt 0:00:17]}
18. Rd2 {[%emt 0:00:08]} Rde8 {[%emt 0:00:04]} 19. Nxd7 {[%emt 0:00:09]} Kxd7 {
[%emt 0:00:04]} 20. Rfd1 {[%emt 0:00:04]} Kc8 {[%emt 0:00:06]} 21. Rxe2 {[%emt
0:00:09]} Rxe2 {[%emt 0:00:02]} 22. Rd2 {[%emt 0:00:01]} Re6 {[%emt 0:00:14]}
23. Kf1 {[%emt 0:00:03]} b6 {[%emt 0:00:03]} 24. Nd4 {[%emt 0:00:05]} Nxd4 {
[%emt 0:00:10]} 25. Bxd4 {[%emt 0:00:02]} Bxh2 {[%emt 0:00:07]} 26. Re2 {[%emt
0:00:10]} Rxe2 {[%emt 0:00:02]} 27. Kxe2 {[%emt 0:00:01]} c5 {[%emt 0:00:01]}
28. Be3 {[%emt 0:00:01]} Bd6 {[%emt 0:00:01]} 29. Kd3 {[%emt 0:00:02]} Kd7 {
[%emt 0:00:01]} 30. Ke4 {[%emt 0:00:01]} Ke6 {[%emt 0:00:01]} 31. g4 {[%emt 0:
00:03]} c6 {[%emt 0:00:01]} 32. b3 {[%emt 0:00:01]} Be7 {[%emt 0:00:04]} 33.
Bf4 {[%emt 0:00:03]} g5 {[%emt 0:00:04]} 34. Bc7 {[%emt 0:00:02]} b5 {[%emt 0:
00:01]} 35. Bb6 {[%emt 0:00:01]} h6 {[%emt 0:00:05]} 36. Ba5 {[%emt 0:00:06]}
b4 {[%emt 0:00:04]} 37. Bc7 {[%emt 0:00:04]} Bd6 {[%emt 0:00:09]} 38. Ba5 {
[%emt 0:00:03]} Kd7 {[%emt 0:00:02]} 39. Kf5 {[%emt 0:00:07]} Be7 {[%emt 0:00:
23]} 40. Bb6 {[%emt 0:00:07]} Bd6 {[%emt 0:00:17]} 41. Kg6 {[%emt 0:00:02]} Bf8
{[%emt 0:00:03]} 42. Kf5 {[%emt 0:00:03]} Kc8 {[%emt 0:00:05]} 43. Ke6 {[%emt
0:00:04]} Kb7 {[%emt 0:00:15]} 44. Bd8 {[%emt 0:00:01]} Bg7 {[%emt 0:00:01]}
45. Kf7 {[%emt 0:00:03]} Be5 {[%emt 0:00:02]} 46. Be7 {[%emt 0:00:02]} Kb6 {
[%emt 0:00:01]} 47. Bf8 {[%emt 0:00:01]} Kb5 {[%emt 0:00:01]} 48. Bxh6 {[%emt
0:00:01]} Bf4 {[%emt 0:00:00]} 49. Kg6 {[%emt 0:00:02]} c4 {[%emt 0:00:01]} 50.
Bxg5 {[%emt 0:00:01]} Be5 {[%emt 0:00:02]} 51. Be7 {[%emt 0:00:04]} a5 {[%emt
0:00:02]} 52. Kf5 {[%emt 0:00:04]} Bg7 {[%emt 0:00:02]} 53. g5 {[%emt 0:00:02]}
a4 {[%emt 0:00:02]} 54. Kg6 {[%emt 0:00:06]} Bd4 {[%emt 0:00:02]} 55. Bf6 {
[%emt 0:00:01]} Be3 {[%emt 0:00:04]} 56. Kf5 {[%emt 0:00:03]} c5 {[%emt 0:00:
04]} 57. g6 {[%emt 0:00:01]} Bh6 {[%emt 0:00:01]} 58. g7 {[%emt 0:00:02]} Bxg7
{[%emt 0:00:01]} 59. Bxg7 {[%emt 0:00:01]} a3 {[%emt 0:00:05]} 60. Ke4 {[%emt
0:00:03]} cxb3 {[%emt 0:00:01]} 61. cxb3 {[%emt 0:00:01]} c4 {[%emt 0:00:01]}
62. bxc4+ {[%emt 0:00:05]} Kxc4 {[%emt 0:00:01]} 63. f4 {[%emt 0:00:04]} b3 {
[%emt 0:00:01]} 64. axb3+ {[%emt 0:00:01]} Kxb3 {[%emt 0:00:01]} 65. Be5 {
[%emt 0:00:01] Hakem_II rinde} 1-0

[Event "Villarobledo Online Qualifyer"]
[Site "playchess.com #155672"]
[Date "2009.05.23"]
[Round "3"]
[White "Clocktower"]
[Black "Q2w3e"]
[Result "1-0"]
[WhiteElo "2059"]
[BlackElo "1563"]
[PlyCount "115"]
[EventDate "2009.05.23"]
[EventType "swiss (blitz)"]

1. e4 {[%emt 0:00:02]} c6 {[%emt 0:00:01]} 2. Nf3 {[%emt 0:00:04]} d5 {[%emt 0:
00:00]} 3. exd5 {[%emt 0:00:29]} cxd5 {[%emt 0:00:00]} 4. d4 {[%emt 0:00:02]}
Nc6 {[%emt 0:00:02]} 5. Bd3 {[%emt 0:00:06]} Nf6 {[%emt 0:00:05]} 6. h3 {[%emt
0:00:01]} a6 {[%emt 0:00:03]} 7. O-O {[%emt 0:00:02]} g6 {[%emt 0:00:11]} 8.
Re1 {[%emt 0:00:05]} Bg7 {[%emt 0:00:02]} 9. c3 {[%emt 0:00:03]} O-O {[%emt 0:
00:01]} 10. Nbd2 {[%emt 0:00:05]} b5 {[%emt 0:00:10]} 11. Nf1 {[%emt 0:00:02]}
Re8 {[%emt 0:00:24]} 12. Bg5 {[%emt 0:00:10]} Bb7 {[%emt 0:00:14]} 13. Qd2 {
[%emt 0:00:17]} Rc8 {[%emt 0:00:37]} 14. Bh6 {[%emt 0:00:15]} Na5 {[%emt 0:00:
39]} 15. Bxg7 {[%emt 0:00:06]} Kxg7 {[%emt 0:00:00]} 16. Qg5 {[%emt 0:00:08]}
Ne4 {[%emt 0:00:20]} 17. Qe5+ {[%emt 0:00:17]} f6 {[%emt 0:00:14]} 18. Qf4 {
[%emt 0:00:09]} Qd6 {[%emt 0:00:20]} 19. Qxd6 {[%emt 0:00:07]} Nxd6 {[%emt 0:
00:05]} 20. Re6 {[%emt 0:00:01]} Kf7 {[%emt 0:00:04]} 21. Rae1 {[%emt 0:00:04]}
Rc7 {[%emt 0:00:02]} 22. Ng3 {[%emt 0:00:16] .} Bc8 {[%emt 0:00:02]} 23. R6e2 {
[%emt 0:00:05]} Nac4 {[%emt 0:00:02]} 24. Bb1 {[%emt 0:00:06]} a5 {[%emt 0:00:
02]} 25. h4 {[%emt 0:00:13]} h6 {[%emt 0:00:02]} 26. h5 {[%emt 0:00:03]} f5 {
[%emt 0:00:03]} 27. hxg6+ {[%emt 0:00:02]} Kxg6 {[%emt 0:00:00]} 28. Nh4+ {
[%emt 0:00:01]} Kf7 {[%emt 0:00:02]} 29. Nhxf5 {[%emt 0:00:02]} Nxf5 {[%emt 0:
00:01]} 30. Nxf5 {[%emt 0:00:00]} Bxf5 {[%emt 0:00:01]} 31. Bxf5 {[%emt 0:00:
06]} b4 {[%emt 0:00:01]} 32. Bg4 {[%emt 0:00:07]} bxc3 {[%emt 0:00:02]} 33.
bxc3 {[%emt 0:00:04]} Nd6 {[%emt 0:00:01]} 34. Bh5+ {[%emt 0:00:01]} Kf8 {
[%emt 0:00:02]} 35. Bxe8 {[%emt 0:00:01]} Kxe8 {[%emt 0:00:02]} 36. Re6 {[%emt
0:00:01]} h5 {[%emt 0:00:03]} 37. Rxd6 {[%emt 0:00:01]} Kf7 {[%emt 0:00:03]}
38. Rh6 {[%emt 0:00:02]} Rxc3 {[%emt 0:00:01]} 39. Rxh5 {[%emt 0:00:01]} Rc2 {
[%emt 0:00:01]} 40. a4 {[%emt 0:00:04]} Rd2 {[%emt 0:00:01]} 41. Rxd5 {[%emt 0:
00:02]} Ra2 {[%emt 0:00:02]} 42. Rxa5 {[%emt 0:00:01]} Rd2 {[%emt 0:00:01]} 43.
Rd5 {[%emt 0:00:01]} e6 {[%emt 0:00:02]} 44. Rd6 {[%emt 0:00:03]} Ke7 {[%emt 0:
00:01]} 45. Rexe6+ {[%emt 0:00:01]} Kf7 {[%emt 0:00:01]} 46. a5 {[%emt 0:00:00]
} Rd1+ {[%emt 0:00:02]} 47. Kh2 {[%emt 0:00:00]} Ra1 {[%emt 0:00:02]} 48. a6 {
[%emt 0:00:00]} Ra4 {[%emt 0:00:04]} 49. d5 {[%emt 0:00:00]} Rh4+ {[%emt 0:00:
02]} 50. Kg3 {[%emt 0:00:02]} Ra4 {[%emt 0:00:01]} 51. Rd7+ {[%emt 0:00:02]}
Kf8 {[%emt 0:00:01]} 52. a7 {[%emt 0:00:01]} Ra3+ {[%emt 0:00:01]} 53. f3 {
[%emt 0:00:01]} Ra4 {[%emt 0:00:07]} 54. Rb6 {[%emt 0:00:05]} Ke8 {[%emt 0:00:
02]} 55. Rc7 {[%emt 0:00:01]} Kd8 {[%emt 0:00:01]} 56. Rh7 {[%emt 0:00:01]}
Rg4+ {[%emt 0:00:10]} 57. Kxg4 {[%emt 0:00:03]} Kc8 {[%emt 0:00:01]} 58. a8=Q#
{[%emt 0:00:01]} 1-0

[Event "Villarobledo Online Qualifyer"]
[Site "playchess.com #155672"]
[Date "2009.05.23"]
[Round "3"]
[White "Mtv star"]
[Black "-st!er-"]
[Result "1-0"]
[WhiteElo "2326"]
[BlackElo "2847"]
[PlyCount "125"]
[EventDate "2009.05.23"]
[EventType "swiss (blitz)"]

1. d4 {[%emt 0:00:02]} Nf6 {[%emt 0:00:02]} 2. Nf3 {[%emt 0:00:02]} e6 {[%emt
0:00:06]} 3. Bg5 {[%emt 0:00:04]} c5 {[%emt 0:00:02]} 4. c3 {[%emt 0:00:03]} b6
{[%emt 0:00:01]} 5. e3 {[%emt 0:00:01]} Bb7 {[%emt 0:00:01]} 6. Nbd2 {[%emt 0:
00:02]} Be7 {[%emt 0:00:02]} 7. Bd3 {[%emt 0:00:03]} O-O {[%emt 0:00:06]} 8.
O-O {[%emt 0:00:01]} h6 {[%emt 0:00:08]} 9. Bh4 {[%emt 0:00:02]} d6 {[%emt 0:
00:01]} 10. Qe2 {[%emt 0:00:03]} a6 {[%emt 0:00:01]} 11. a4 {[%emt 0:00:03]}
Nbd7 {[%emt 0:00:05]} 12. e4 {[%emt 0:00:02]} cxd4 {[%emt 0:00:03]} 13. cxd4 {
[%emt 0:00:03]} e5 {[%emt 0:00:01]} 14. dxe5 {[%emt 0:00:03]} dxe5 {[%emt 0:00:
02]} 15. Nc4 {[%emt 0:00:04]} Nh5 {[%emt 0:00:13]} 16. Bg3 {[%emt 0:01:01]} Nf4
{[%emt 0:00:16]} 17. Bxf4 {[%emt 0:00:03]} exf4 {[%emt 0:00:00]} 18. Rfd1 {
[%emt 0:00:05]} Re8 {[%emt 0:00:17]} 19. Rac1 {[%emt 0:00:11]} Bc5 {[%emt 0:00:
04]} 20. Bb1 {[%emt 0:00:07]} Qe7 {[%emt 0:00:02]} 21. Qd2 {[%emt 0:00:21]} Nf6
{[%emt 0:00:20]} 22. Qxf4 {[%emt 0:00:02]} Nxe4 {[%emt 0:00:02]} 23. Bxe4 {
[%emt 0:00:21]} Qxe4 {[%emt 0:00:02]} 24. Qxe4 {[%emt 0:00:09]} Rxe4 {[%emt 0:
00:00]} 25. Nd6 {[%emt 0:00:05]} Bxd6 {[%emt 0:00:25]} 26. Rxd6 {[%emt 0:00:00]
} Rxa4 {[%emt 0:00:01]} 27. Rxb6 {[%emt 0:00:05]} Bd5 {[%emt 0:00:05]} 28. Ne5
{[%emt 0:00:22]} Re8 {[%emt 0:00:03]} 29. Nd7 {[%emt 0:00:06]} Rc4 {[%emt 0:00:
21]} 30. Ra1 {[%emt 0:00:07]} Rc7 {[%emt 0:00:05]} 31. Rd6 {[%emt 0:00:09]} Be6
{[%emt 0:00:02]} 32. Nb6 {[%emt 0:00:03]} Rb8 {[%emt 0:00:08]} 33. h3 {[%emt 0:
00:03]} Rc2 {[%emt 0:00:04]} 34. Na4 {[%emt 0:00:04]} Bc4 {[%emt 0:00:05]} 35.
Rc6 {[%emt 0:00:02] Mtv star offers a draw} Bd3 {[%emt 0:00:16]} 36. Rxc2 {
[%emt 0:00:00]} Bxc2 {[%emt 0:00:01]} 37. b4 {[%emt 0:00:03]} Rxb4 {[%emt 0:00:
04]} 38. Nc5 {[%emt 0:00:01]} Rc4 {[%emt 0:00:05]} 39. Nxa6 {[%emt 0:00:01]}
Be4 {[%emt 0:00:01]} 40. Nb8 {[%emt 0:00:04]} Bb7 {[%emt 0:00:01]} 41. Rb1 {
[%emt 0:00:01]} Rc7 {[%emt 0:00:02]} 42. Rd1 {[%emt 0:00:06]} Kf8 {[%emt 0:00:
03]} 43. Nd7+ {[%emt 0:00:01]} Ke7 {[%emt 0:00:01]} 44. Ne5 {[%emt 0:00:00]} f6
{[%emt 0:00:01]} 45. Ng4 {[%emt 0:00:01]} Ke6 {[%emt 0:00:03]} 46. Ne3 {[%emt
0:00:00]} f5 {[%emt 0:00:01]} 47. Re1 {[%emt 0:00:06]} f4 {[%emt 0:00:02]} 48.
Ng4+ {[%emt 0:00:03]} Kf7 {[%emt 0:00:01]} 49. f3 {[%emt 0:00:01]} h5 {[%emt 0:
00:02]} 50. Nf2 {[%emt 0:00:01]} Rd7 {[%emt 0:00:03]} 51. Ne4 {[%emt 0:00:01]}
Kg6 {[%emt 0:00:01]} 52. Nf2 {[%emt 0:00:02]} Kf5 {[%emt 0:00:01]} 53. Kh2 {
[%emt 0:00:01]} Rd2 {[%emt 0:00:07]} 54. Kg1 {[%emt 0:00:01]} g5 {[%emt 0:00:
02]} 55. Rb1 {[%emt 0:00:02]} Bc6 {[%emt 0:00:02]} 56. Rc1 {[%emt 0:00:01]} Bd5
{[%emt 0:00:01]} 57. Re1 {[%emt 0:00:02] Mtv star offers a draw} Be6 {[%emt 0:
00:07]} 58. Rc1 {[%emt 0:00:04]} Bb3 {[%emt 0:00:07]} 59. Re1 {[%emt 0:00:02]}
Rb2 {[%emt 0:00:03]} 60. Rc1 {[%emt 0:00:01]} Ke5 {[%emt 0:00:03]} 61. Nd3+ {
[%emt 0:00:02]} Kd4 {[%emt 0:00:01]} 62. Nxb2 {[%emt 0:00:02]} Ke3 {[%emt 0:00:
01]} 63. Rc3+ {[%emt 0:00:02] -st!er- resigns} 1-0

[Event "Villarobledo Online Qualifyer"]
[Site "playchess.com #155672"]
[Date "2009.05.23"]
[Round "3"]
[White "Musterlukas"]
[Black "Murri"]
[Result "0-1"]
[WhiteElo "1727"]
[BlackElo "1711"]
[PlyCount "128"]
[EventDate "2009.05.23"]
[EventType "swiss (blitz)"]

1. d4 {[%emt 0:00:02]} d5 {[%emt 0:00:02]} 2. Nf3 {[%emt 0:00:02]} Nf6 {[%emt
0:00:02]} 3. c4 {[%emt 0:00:03]} e6 {[%emt 0:00:01]} 4. Nc3 {[%emt 0:00:02]}
Be7 {[%emt 0:00:01]} 5. Bg5 {[%emt 0:00:03]} O-O {[%emt 0:00:01]} 6. e3 {[%emt
0:00:02]} c5 {[%emt 0:00:09]} 7. cxd5 {[%emt 0:00:03]} Nxd5 {[%emt 0:00:02]} 8.
Bxe7 {[%emt 0:00:02]} Qxe7 {[%emt 0:00:19]} 9. Be2 {[%emt 0:00:02]} cxd4 {
[%emt 0:00:06]} 10. exd4 {[%emt 0:00:04]} Nf4 {[%emt 0:00:06]} 11. O-O {[%emt
0:00:07]} Nxe2+ {[%emt 0:00:02]} 12. Qxe2 {[%emt 0:00:02]} Na6 {[%emt 0:00:12]}
13. Rad1 {[%emt 0:00:03]} Bd7 {[%emt 0:00:09]} 14. d5 {[%emt 0:00:02]} Rfe8 {
[%emt 0:00:05]} 15. d6 {[%emt 0:00:02]} Qf6 {[%emt 0:00:02]} 16. Ne4 {[%emt 0:
00:05]} Qf5 {[%emt 0:00:13]} 17. a3 {[%emt 0:00:12]} Bb5 {[%emt 0:00:03]} 18.
Qe3 {[%emt 0:00:10]} Bxf1 {[%emt 0:00:03]} 19. Kxf1 {[%emt 0:00:03]} Qb5+ {
[%emt 0:00:15]} 20. Kg1 {[%emt 0:00:02]} Qxb2 {[%emt 0:00:07]} 21. Qd3 {[%emt
0:00:05]} Red8 {[%emt 0:00:10]} 22. Neg5 {[%emt 0:00:03]} g6 {[%emt 0:00:09]}
23. Ne5 {[%emt 0:00:05]} Qxe5 {[%emt 0:00:12]} 24. h4 {[%emt 0:00:09]} Nc5 {
[%emt 0:00:06]} 25. Qf3 {[%emt 0:00:03]} f6 {[%emt 0:00:13]} 26. Nh3 {[%emt 0:
00:03]} Rxd6 {[%emt 0:00:12]} 27. Rxd6 {[%emt 0:00:02]} Qxd6 {[%emt 0:00:01]}
28. Qxf6 {[%emt 0:00:01]} Rf8 {[%emt 0:00:01]} 29. Qc3 {[%emt 0:00:17]} Ne4 {
[%emt 0:00:08]} 30. Qb2 {[%emt 0:00:08]} Qd2 {[%emt 0:00:23]} 31. Qxb7 {[%emt
0:00:08]} Nxf2 {[%emt 0:00:07]} 32. Ng5 {[%emt 0:00:17]} Qd1+ {[%emt 0:00:08]}
33. Kh2 {[%emt 0:00:01]} Qh5 {[%emt 0:00:01]} 34. Nxe6 {[%emt 0:00:07]} Qxh4+ {
[%emt 0:00:03]} 35. Kg1 {[%emt 0:00:01]} Qf6 {[%emt 0:00:02]} 36. Nxf8 {[%emt
0:00:06]} Qxf8 {[%emt 0:00:01]} 37. Qxa7 {[%emt 0:00:05]} Ng4 {[%emt 0:00:03]}
38. a4 {[%emt 0:00:13]} Qf7 {[%emt 0:00:05]} 39. Qb8+ {[%emt 0:00:10]} Kg7 {
[%emt 0:00:01]} 40. Qb2+ {[%emt 0:00:06]} Kg8 {[%emt 0:00:07]} 41. Qc2 {[%emt
0:00:09] .} Qf5 {[%emt 0:00:01]} 42. Qxf5 {[%emt 0:00:10]} gxf5 {[%emt 0:00:01]
} 43. a5 {[%emt 0:00:01]} Ne5 {[%emt 0:00:00]} 44. a6 {[%emt 0:00:01]} Nc6 {
[%emt 0:00:01]} 45. Kf2 {[%emt 0:00:01]} Kf7 {[%emt 0:00:01]} 46. Ke3 {[%emt 0:
00:01]} Kg6 {[%emt 0:00:01]} 47. Kf4 {[%emt 0:00:02]} Kf6 {[%emt 0:00:01]} 48.
Ke3 {[%emt 0:00:02]} Ke5 {[%emt 0:00:01]} 49. Kd3 {[%emt 0:00:01]} Kd6 {[%emt
0:00:01]} 50. Ke3 {[%emt 0:00:01]} Kc7 {[%emt 0:00:03]} 51. Kf4 {[%emt 0:00:01]
} Ne7 {[%emt 0:00:01]} 52. Ke5 {[%emt 0:00:01]} h5 {[%emt 0:00:01]} 53. Ke6 {
[%emt 0:00:01]} f4 {[%emt 0:00:02]} 54. Kxe7 {[%emt 0:00:03]} h4 {[%emt 0:00:
01]} 55. Ke6 {[%emt 0:00:02]} h3 {[%emt 0:00:02]} 56. gxh3 {[%emt 0:00:01]} f3
{[%emt 0:00:01]} 57. h4 {[%emt 0:00:04]} f2 {[%emt 0:00:01]} 58. Kf6 {[%emt 0:
00:01]} f1=Q+ {[%emt 0:00:02]} 59. Kg6 {[%emt 0:00:01]} Qg2+ {[%emt 0:00:02]}
60. Kf5 {[%emt 0:00:04]} Qh3+ {[%emt 0:00:01]} 61. Kg5 {[%emt 0:00:01]} Qg3+ {
[%emt 0:00:01]} 62. Kh5 {[%emt 0:00:02]} Kb6 {[%emt 0:00:01]} 63. Kh6 {[%emt 0:
00:01]} Qxh4+ {[%emt 0:00:01]} 64. Kg6 {[%emt 0:00:02]} Kxa6 {[%emt 0:00:01]
Musterlukas resigns  (Lag: Av=0.82s, max=6.1s)} 0-1

[Event "Villarobledo Online Qualifyer"]
[Site "playchess.com #155672"]
[Date "2009.05.23"]
[Round "3"]
[White "Buster hyman"]
[Black "Vampire__23"]
[Result "0-1"]
[WhiteElo "1764"]
[BlackElo "2149"]
[PlyCount "162"]
[EventDate "2009.05.23"]
[EventType "swiss (blitz)"]

1. e4 {[%emt 0:00:02]} e6 {[%emt 0:00:01]} 2. Nc3 {[%emt 0:00:02]} d5 {[%emt 0:
00:01]} 3. Nf3 {[%emt 0:00:01]} Nf6 {[%emt 0:00:01]} 4. e5 {[%emt 0:00:01]}
Nfd7 {[%emt 0:00:01]} 5. d4 {[%emt 0:00:01]} c5 {[%emt 0:00:00]} 6. Bb5 {[%emt
0:00:09]} cxd4 {[%emt 0:00:01]} 7. Nxd4 {[%emt 0:00:04]} g6 {[%emt 0:00:02]} 8.
O-O {[%emt 0:00:02]} Bg7 {[%emt 0:00:00]} 9. Re1 {[%emt 0:00:03]} O-O {[%emt 0:
00:01]} 10. Bf4 {[%emt 0:00:23]} a6 {[%emt 0:00:01]} 11. Bxd7 {[%emt 0:00:02]}
Bxd7 {[%emt 0:00:04]} 12. Qd2 {[%emt 0:00:02]} Nc6 {[%emt 0:00:01]} 13. Rab1 {
[%emt 0:00:19]} Qb8 {[%emt 0:00:04]} 14. Nf3 {[%emt 0:00:08]} Qd8 {[%emt 0:00:
03]} 15. Bg5 {[%emt 0:00:09]} Qb6 {[%emt 0:00:06]} 16. Bf6 {[%emt 0:00:06]} Na5
{[%emt 0:00:13]} 17. Qg5 {[%emt 0:00:06]} Nc4 {[%emt 0:00:07]} 18. Bxg7 {[%emt
0:00:20]} Kxg7 {[%emt 0:00:01]} 19. b3 {[%emt 0:00:10]} Na3 {[%emt 0:00:09]}
20. Rbc1 {[%emt 0:00:03]} f6 {[%emt 0:00:09]} 21. exf6+ {[%emt 0:00:07]} Rxf6 {
[%emt 0:00:00]} 22. Nxd5 {[%emt 0:00:15]} exd5 {[%emt 0:00:05]} 23. Re7+ {
[%emt 0:00:01]} Rf7 {[%emt 0:00:07]} 24. Rxf7+ {[%emt 0:00:32]} Kxf7 {[%emt 0:
00:02]} 25. Qxd5+ {[%emt 0:00:01]} Be6 {[%emt 0:00:11]} 26. Ng5+ {[%emt 0:00:
02]} Kf6 {[%emt 0:00:02]} 27. Nxh7+ {[%emt 0:00:07]} Kg7 {[%emt 0:00:01]} 28.
Qe5+ {[%emt 0:00:06]} Kxh7 {[%emt 0:00:02]} 29. Re1 {[%emt 0:00:13]} Rf8 {
[%emt 0:00:05]} 30. Re3 {[%emt 0:00:07]} Bf5 {[%emt 0:00:10]} 31. Qe7+ {[%emt
0:00:03]} Kg8 {[%emt 0:00:02]} 32. g3 {[%emt 0:00:09]} Qf6 {[%emt 0:00:02]} 33.
Qxa3 {[%emt 0:00:03]} Bh3 {[%emt 0:00:00]} 34. Re2 {[%emt 0:00:02]} Bg4 {[%emt
0:00:01]} 35. Rd2 {[%emt 0:00:02]} Rf7 {[%emt 0:00:01]} 36. Qc1 {[%emt 0:00:02]
} Kg7 {[%emt 0:00:01]} 37. Qe1 {[%emt 0:00:04]} Qg5 {[%emt 0:00:01]} 38. Qe3 {
[%emt 0:00:02]} Qh5 {[%emt 0:00:02]} 39. f4 {[%emt 0:00:02]} Bf5 {[%emt 0:00:
03]} 40. Qe5+ {[%emt 0:00:02]} Kh7 {[%emt 0:00:01]} 41. Rd8 {[%emt 0:00:02]}
Rg7 {[%emt 0:00:05]} 42. Rf8 {[%emt 0:00:03]} Qd1+ {[%emt 0:00:01]} 43. Kf2 {
[%emt 0:00:01]} Qxc2+ {[%emt 0:00:02]} 44. Kg1 {[%emt 0:00:03]} Qd1+ {[%emt 0:
00:03]} 45. Kf2 {[%emt 0:00:02]} Qd2+ {[%emt 0:00:00]} 46. Kg1 {[%emt 0:00:02]}
Qd7 {[%emt 0:00:04]} 47. Qc3 {[%emt 0:00:04]} Qe7 {[%emt 0:00:04]} 48. Rf6 {
[%emt 0:00:02]} Rf7 {[%emt 0:00:03]} 49. Rxf7+ {[%emt 0:00:04]} Qxf7 {[%emt 0:
00:00]} 50. Qe5 {[%emt 0:00:01]} Qd7 {[%emt 0:00:01]} 51. h4 {[%emt 0:00:01]}
Qd1+ {[%emt 0:00:01]} 52. Kf2 {[%emt 0:00:02]} Qd7 {[%emt 0:00:02]} 53. Qc3 {
[%emt 0:00:03]} Bg4 {[%emt 0:00:02]} 54. Qe5 {[%emt 0:00:02]} Qd2+ {[%emt 0:00:
01]} 55. Kg1 {[%emt 0:00:02]} Qd1+ {[%emt 0:00:03]} 56. Kf2 {[%emt 0:00:02]}
Qf3+ {[%emt 0:00:00]} 57. Kg1 {[%emt 0:00:02]} Qxg3+ {[%emt 0:00:01]} 58. Kf1 {
[%emt 0:00:02]} Bh3+ {[%emt 0:00:01]} 59. Ke2 {[%emt 0:00:02]} Qg2+ {[%emt 0:
00:00]} 60. Kd3 {[%emt 0:00:02]} Bf5+ {[%emt 0:00:00]} 61. Kc3 {[%emt 0:00:01]}
Qc2+ {[%emt 0:00:00]} 62. Kb4 {[%emt 0:00:02]} a5+ {[%emt 0:00:00]} 63. Kb5 {
[%emt 0:00:03]} Qc6+ {[%emt 0:00:05] '} 64. Kxa5 {[%emt 0:00:02]} Qa6+ {[%emt
0:00:02]} 65. Kb4 {[%emt 0:00:01]} Qb6+ {[%emt 0:00:03]} 66. Ka3 {[%emt 0:00:
02]} Qa6+ {[%emt 0:00:06]} 67. Kb2 {[%emt 0:00:02]} Qe6 {[%emt 0:00:00]} 68.
Qc7+ {[%emt 0:00:03]} Qd7 {[%emt 0:00:01]} 69. Qe5 {[%emt 0:00:03]} Qg7 {[%emt
0:00:02]} 70. Kc3 {[%emt 0:00:04]} Qxe5+ {[%emt 0:00:01]} 71. fxe5 {[%emt 0:00:
00]} Kh6 {[%emt 0:00:02]} 72. Kd4 {[%emt 0:00:00]} Kh5 {[%emt 0:00:01]} 73. a4
{[%emt 0:00:01]} Kxh4 {[%emt 0:00:01]} 74. b4 {[%emt 0:00:01]} g5 {[%emt 0:00:
00]} 75. a5 {[%emt 0:00:01]} g4 {[%emt 0:00:00]} 76. b5 {[%emt 0:00:01]} g3 {
[%emt 0:00:01]} 77. a6 {[%emt 0:00:02]} bxa6 {[%emt 0:00:02]} 78. b6 {[%emt 0:
00:02]} g2 {[%emt 0:00:00]} 79. b7 {[%emt 0:00:02]} g1=Q+ {[%emt 0:00:01]} 80.
Kc3 {[%emt 0:00:04]} Qa7 {[%emt 0:00:00]} 81. e6 {[%emt 0:00:02]} Qxb7 {[%emt
0:00:01] Buster hyman resigns} 0-1